आयुर्वेद सामान्य रोग और उपचार / (Record no. 170188)

MARC details
000 -LEADER
fixed length control field 01148nam a22002777a 4500
005 - DATE AND TIME OF LATEST TRANSACTION
control field 20191211165352.0
008 - FIXED-LENGTH DATA ELEMENTS--GENERAL INFORMATION
fixed length control field 191211b ||||| |||| 00| 0 eng d
010 ## - LCCN (DPL NO)
LC control number B-232177
020 ## - INTERNATIONAL STANDARD BOOK NUMBER
Terms of availability 120.00
035 ## - SYSTEM CONTROL NUMBER
System control number B-232177
037 ## - SOURCE OF ACQUISITION
Source of stock number/acquisition Cen Lib/Ret
040 ## - CATALOGING SOURCE
Original cataloging agency DPL
Language of cataloging HN
082 ## - DEWEY DECIMAL CLASSIFICATION NUMBER
Classification number 615.52
Item number रामकि
100 ## - MAIN ENTRY--PERSONAL NAME
Personal name रामकिशन
9 (RLIN) 99418
245 ## - TITLE STATEMENT
Title आयुर्वेद सामान्य रोग और उपचार /
Statement of responsibility, etc रामकिशन
246 ## - VARYING FORM OF TITLE
Title proper/short title Ayurved samanay rog aur upchar /
Remainder of title by Ramkishan
250 ## - EDITION STATEMENT
Edition statement 2nd ed.
260 ## - PUBLICATION, DISTRIBUTION, ETC. (IMPRINT)
Place of publication, distribution, etc नयी दिल्ली
Name of publisher, distributor, etc प्रकशन विभाग
Date of publication, distribution, etc 2007
270 ## - ADDRESS
City नयी दिल्ली
Address पटियाला हाउस
Postal code 110001
300 ## - PHYSICAL DESCRIPTION
Extent 146पृ.
Dimensions 22सेमी(सजिल्द )
650 ## - SUBJECT ADDED ENTRY--TOPICAL TERM
Topical term or geographic name as entry element स्वास्थ्य विज्ञान
General subdivision
Geographic subdivision
9 (RLIN) 69942
650 ## - SUBJECT ADDED ENTRY--TOPICAL TERM
Topical term or geographic name as entry element स्वास्थ्य विज्ञान -- आयुर्वेद
9 (RLIN) 78963
650 ## - SUBJECT ADDED ENTRY--TOPICAL TERM
Topical term or geographic name as entry element Health Science
9 (RLIN) 16285
650 ## - SUBJECT ADDED ENTRY--TOPICAL TERM
Topical term or geographic name as entry element Health Science - Ayurveda
9 (RLIN) 99419
942 ## - ADDED ENTRY ELEMENTS (KOHA)
Source of classification or shelving scheme Dewey Decimal Classification
Item type Hindi Books
Classification part 615.52
Call number suffix रामकि
Holdings
Withdrawn status Lost status Source of classification or shelving scheme Damaged status Not for loan Collection code Home library Current library Date acquired Cost, normal purchase price Total Checkouts Full call number Barcode Date last seen Cost, replacement price Koha item type
    Dewey Decimal Classification     Non-fiction Sarojini Nagar Sarojini Nagar 11/12/2019 120.00   615.52 रामकि B-232177 11/12/2019 120.00 Hindi Books

© Delhi Public Library
Hit Counter
free hit counter